000 01265cam a22003497a 4500
001 11907473
003 NUST
005 20201023102446.0
008 980915s1998 ne a b 001 0 eng d
010 _a 00299973
020 _a9056991191
035 _a(OCoLC)ocm39871751
038 _aSNS Library Staff
040 _aNAG
_cNAG
_dDLC
041 1 _aeng
_hfre
042 _alccopycat
050 0 0 _aQC176
_b.Q4713 1998
082 _a530.41
_bQUE
100 1 _aQuéré, Yves.
_934428
240 1 0 _aPhysics of Materials
_lEnglish
245 1 0 _aPhysics of materials /
_cYves Quéré ; translated by Stephen S. Wilson.
260 _aAmsterdam :
_bGordon and Breach Science Publishers,
_cc1998.
300 _axi, 483 p. :
_bill. ;
_c25 cm.
500 _aAdapted from: Physique des matériaux.
504 _aIncludes bibliographical references and index.
650 0 _aSolid state physics.
_934429
650 0 _aMaterials.
_91466
856 4 2 _3Publisher description
_uhttp://www.loc.gov/catdir/enhancements/fy0731/00299973-d.html
906 _a7
_bcbc
_ccopycat
_d3
_encip
_f20
_gy-gencatlg
942 _2ddc
_cBK
_k530.41 QUE
999 _c540419
_d540419